Environmental performance indicators of batik industry in Malaysia : a behavioural model /
محفوظ في:
| المؤلف الرئيسي: | |
|---|---|
| التنسيق: | أطروحة كتاب |
| اللغة: | English |
| منشور في: |
2006.
|
| الموضوعات: | |
| الوسوم: |
إضافة وسم
لا توجد وسوم, كن أول من يضع وسما على هذه التسجيلة!
|
| LEADER | 01267cam a2200301 a 4500 | ||
|---|---|---|---|
| 001 | u780855 | ||
| 003 | SIRSI | ||
| 005 | 200910231554 | ||
| 008 | 091023s2006 my t 000 0 eng m | ||
| 040 | |a UMM |d UME |d UMK | ||
| 043 | |a a-my--- | ||
| 090 | |a HB71 |b UM 2006 Nuraaa | ||
| 099 | |a HB71 |b UM 2006 Nuraaa | ||
| 100 | 0 | |a Nurul Ainun Ahmad Atory. | |
| 245 | 1 | 0 | |a Environmental performance indicators of batik industry in Malaysia : |b a behavioural model / |c Nurul Ainun binti Ahmad Atory. |
| 260 | |c 2006. | ||
| 300 | |a v, 113 leaves : |b ill. ; |c 30 cm. | ||
| 502 | |a Dissertation (M.Ec) -- Jabatan Ekonomi, Fakulti Ekonomi dan Pentadbiran, Universiti Malaya, 2007. | ||
| 504 | |a Bibliography: leaves 82-84. | ||
| 650 | 0 | |a Batik |z Malaysia. | |
| 650 | 0 | |a Textile industry |x Environmental aspects |z Malaysia. | |
| 650 | 0 | |a Textile factories |x Environmental aspects |z Malaysia. | |
| 650 | 0 | |a Textile factories |x Energy consumption |z Malaysia. | |
| 710 | |a Universiti Malaya. |b Jabatan Ekonomi. | ||
| 900 | |a NSR-ZA | ||
| 596 | |a 1 19 | ||
| 999 | |a HB71 UM 2006 NURAAA |w LC |c 1 |i A513735809 |d 26/4/2010 |f 26/4/2010 |g 1 |l STACKS |m P19KOTA |r Y |s Y |t TESIS |u 26/4/2010 | ||
| 999 | |a HB71 UM 2006 NURAAA |w LC |c 1 |i A513727382 |d 12/6/2013 |e 6/6/2013 |f 7/5/2010 |g 1 |l STACKS |m P01UTAMA |n 4 |r Y |s Y |t TESIS |u 7/5/2010 | ||
